| 000 | 01065nam a22003497a 4500 | ||
|---|---|---|---|
| 001 | 200464685 | ||
| 003 | TR-AnTOB | ||
| 005 | 20250630155710.0 | ||
| 008 | 250630b tu ||||| |||| 00| 0 tur d | ||
| 020 | _a9789750510694 | ||
| 040 |
_btur _erda _cTR-AnTOB _aTR-AnTOB |
||
| 041 | 0 | _atur | |
| 044 | _ctu | ||
| 092 |
_a808.068 _bMAN 2013 |
||
| 100 | 1 | _aManas, Pedro . | |
| 245 | 1 |
_aÖ.t.e.k.i. (gizli topluluk)/ _cPedro Manas ; çev.: Saliha Nilüfer; resimleyen javier Vazquez. |
|
| 250 | _a2. bs | ||
| 264 | 1 |
_aİstanbul : _bİletişim Yayınları , _c2013. |
|
| 300 |
_a104 pages.; _c20 cm. |
||
| 336 |
_ametin _btxt _2rdacontent |
||
| 337 |
_aaracısız _bn _2rdamedia |
||
| 338 |
_acilt _bnc _2rdacarrier |
||
| 490 | 1 |
_aİletişim Yayınları ; _v1770. |
|
| 490 | 1 |
_aÇocuk kitapları dizisi ; _v99. |
|
| 500 | _aÖzgün eser adı: Los O.T.R.O.S. | ||
| 830 | 1 |
_aİletişim Yayınları ; _v1770. |
|
| 830 | 1 |
_aÇocuk kitapları dizisi ; _v99. |
|
| 902 | _a0065479 | ||
| 942 |
_2ddc _cBK |
||
| 999 |
_c200464685 _d82897 |
||